Lean offices tower over their peers (Record no. 74142)

MARC details
000 -LEADER
fixed length control field 01163cab a2200241 4500
001 - CONTROL NUMBER
control field ABS67399
008 - FIXED-LENGTH DATA ELEMENTS--GENERAL INFORMATION
fixed length control field 040206n2004 000 0 eng u
035 ## - SYSTEM CONTROL NUMBER
System control number (Sirsi) u125080
100 ## - MAIN ENTRY--PERSONAL NAME
Personal name Jones, N.
245 ## - TITLE STATEMENT
Title Lean offices tower over their peers
260 ## - PUBLICATION, DISTRIBUTION, ETC.
Date of publication, distribution, etc. 2004
490 ## - SERIES STATEMENT
Series statement Estates Gazette
Volume/sequential designation (0405) 31 January 2004, 142-143 (2)
520 ## - SUMMARY, ETC.
Summary, etc. With reference to several recent reports on energy efficiency and tall buildings including one by the Corporation of London entitled "Tall building and sustainability", this article examines several ways in which advanced technologies and more sensitive designs could make today's tall buildings more energy efficient than smaller buildings. The author briefly looks at the following areas: energy-saving designs; facades that utilise natural ventilation; building management systems and the benefits of remote access.
590 ## - LOCAL NOTE (RLIN)
Local note ABS
650 ## - SUBJECT ADDED ENTRY--TOPICAL TERM
Topical term or geographic name entry element ENERGY EFFICIENCY
650 ## - SUBJECT ADDED ENTRY--TOPICAL TERM
Topical term or geographic name entry element Sustainability
9 (RLIN) 6271
650 ## - SUBJECT ADDED ENTRY--TOPICAL TERM
Topical term or geographic name entry element BUILDING MANAGEMENT SYSTEMS
650 ## - SUBJECT ADDED ENTRY--TOPICAL TERM
Topical term or geographic name entry element ENERGY SAVING
650 ## - SUBJECT ADDED ENTRY--TOPICAL TERM
Topical term or geographic name entry element FACADES
650 ## - SUBJECT ADDED ENTRY--TOPICAL TERM
Topical term or geographic name entry element TALL BUILDINGS
690 ## - LOCAL SUBJECT ADDED ENTRY--TOPICAL TERM (OCLC, RLIN)
Topical term or geographic name as entry element BUILDING AND CONSTRUCTION-ENERGY MANAGEMENT
942 ## - ADDED ENTRY ELEMENTS (KOHA)
Suppress in OPAC 0
Holdings
Withdrawn status Lost status Source of classification or shelving scheme Damaged status Not for loan Home library Current library Shelving location Date acquired Total Checkouts Full call number Barcode Date last seen Copy number Price effective from Koha item type
    Dewey Decimal Classification     London London Journal article 06/02/2004   ABS67399 125080-1001 06/08/2019 1 06/08/2019 Journal article